000 00459nam a22001812 4500
001 0000003047
005 20170406114715.0
008 140502s xx 000 0 eng d
020 _c$
040 _aYour Holding Symbol
_cYour Holding Symbol
100 1 _aBirkenhead.
245 1 0 _aMore famous trials.
250 _a ed.
260 _alondon :
_bHutchison,
_c1956.
300 _a575 p. ;
_c cm.
650 0 _atrials.
908 _a140502
999 _c2927
_d2927